Estado, fuerzas armadas y soberanía - Putín y Chechenia Naciones Unidas, terrorismo y legislación internacional /
Wedi'i Gadw mewn:
| Awduron Corfforaethol: | , |
|---|---|
| Fformat: | Texto |
| Cyhoeddwyd: |
Oakland:
ICAPI. CEIFR. EHESS
|
| Pynciau: | |
| Tagiau: |
Ychwanegu Tag
Dim Tagiau, Byddwch y cyntaf i dagio'r cofnod hwn!
|
MARC
| LEADER | 00000 a a2200000 04500 | ||
|---|---|---|---|
| 001 | 38436 | ||
| 003 | |||
| 040 | |||
| 090 | |a 0001 I59c | ||
| 110 | |a Instituto Centroamericano de Prospectiva e Investigación - ICAPI | ||
| 245 | |a Estado, fuerzas armadas y soberanía - Putín y Chechenia Naciones Unidas, terrorismo y legislación internacional / |c Instituto Centroamericano de Prospectiva e Investigación - ICAPI | ||
| 260 | |a Oakland: |b ICAPI. CEIFR. EHESS | ||
| 300 | |a 128 p. | ||
| 650 | |a CRECIMIENTO DEMOGRAFICO | ||
| 650 | |a POBLACION | ||
| 710 | |a Centre d'Etudes Interdisciplinaires des Faits Religieux- CEIFR |a Ecole des Hautes Etudes en Sciences Sociales - EHESS | ||
| 999 | |c 9164 |d 9164 | ||
| 773 | 0 | |0 10428 |9 8423 |a Instituto Centroamericano de Prospectiva e Investigación - ICAPI |d Oakland: ICAPI. CEIFR. EHESS |o 04003 |t Estado, fuerzas armadas y soberanía - Putín y Chechenia Naciones Unidas, terrorismo y legislación internacional / |w ()38433 | |
